[Event "Shenzhen Celebrity 4th"]
[Site "Shenzhen"]
[Date "2014.11.19"]
[Round "5"]
[White "Wang, Yue"]
[Black "Ma, Qun"]
[Result "1-0"]
[WhiteElo "2711"]
[BlackElo "2621"]
[PlyCount "173"]
[EventDate "2014.11.18"]
[EventType "tourn (rapid)"]
[EventRounds "7"]
[EventCountry "CHN"]
[EventCategory "18"]
[SourceTitle "CBM 163 Extra"]
[Source "ChessBase"]
[SourceDate "2014.12.23"]
[SourceVersion "1"]
[SourceVersionDate "2014.12.23"]
[SourceQuality "1"]

1. Nf3 d5 2. g3 c6 3. Bg2 Bg4 4. O-O e6 5. d3 Nf6 6. Nbd2 Nbd7 7. Qe1 Bd6 ({RR} 7... Be7 8. Nh4 O-O 9. f4 Ne8 10. h3 Bh5 11. e4 Bxh4 12. gxh4 dxe4 13. dxe4 e5 14. Nc4 Qe7 15. fxe5 Nc7 16. b3 b5 17. Ba3 c5 18. Ne3 b4 19. Bb2 Ne6 20. Nf5 Qd8 21. Qg3 c4 22. bxc4 {Maghsoodloo,P (2688)-Grachev,B (2626) Chess.com INT 2018 0-1 (61)}) ({RR} 7... Bc5 8. e4 O-O 9. e5 Ne8 10. d4 Be7 11. c3 c5 12. Qe3 b5 13. h4 f5 14. Ng5 Bxg5 15. hxg5 c4 16. Bxd5 exd5 17. e6 Qe7 18. exd7 Qxd7 19. Nf3 Bxf3 20. Qxf3 Nc7 21. Re1 Rae8 22. Bf4 {Mitev,V (2290)-Ruchinskaya,V (1880) chess.com INT 2025 1-0 (68)}) 8. e4 Qc7 9. b3 Bb4 $146 ({RR} 9... Bxf3 10. Nxf3 O-O 11. Bb2 dxe4 12. dxe4 e5 13. Qe2 Rfe8 14. Rfd1 Nf8 15. Nd2 Bc5 16. Nc4 g6 17. a4 a5 18. Rd3 N6d7 19. Bh3 Nb6 20. Ne3 h5 21. Rad1 Be7 22. Bc3 Bb4 23. Bxb4 axb4 24. Qd2 {Schoen,W (2430)-Palkovi,J (2425) Naleczow 1988 0-1 (52)}) ({RR} 9... e5 10. h3 Bh5 11. Nh4 O-O-O 12. Bb2 Rhe8 13. a3 Kb8 14. b4 g5 15. Nf5 Bg6 16. Nxd6 Qxd6 17. Rd1 Bh5 18. Rb1 Nb6 19. f4 gxf4 20. gxf4 Nfd7 21. Qh4 Qh6 22. Rf2 Rg8 23. fxe5 Rde8 24. Qf4 {Gelashvili,T (2445)-Mastrovasilis,A (2320) Korinthos 1998 1-0 (37)}) 10. Qe3 Bc3 11. Rb1 e5 12. h3 Bh5 13. g4 Bg6 14. Nh4 O-O 15. Ndf3 Rfe8 16. Nf5 a5 17. Ba3 Bb4 18. Bb2 d4 19. Qe2 Nf8 20. Bc1 Ne6 21. Ng5 a4 22. Nxe6 Rxe6 23. Ng3 Nd7 24. h4 f6 25. g5 fxg5 26. Bxg5 axb3 27. axb3 Rf8 28. Bh3 Ree8 29. h5 Bf7 30. Bf5 Be6 31. Qg4 Bxf5 32. exf5 Be7 33. h6 Bxg5 34. Qxg5 Nf6 35. Kg2 Nd5 36. Qxg7+ Qxg7 37. hxg7 Kxg7 38. Kf3 Ne7 39. Ke4 Nc8 40. Kf3 Nd6 41. Kg4 e4 42. Rbe1 exd3 43. cxd3 c5 44. Kf4 b5 45. Rxe8 Rxe8 46. Ra1 c4 47. bxc4 bxc4 48. Ra7+ Nf7 49. dxc4 Rd8 50. Ne4 d3 51. Ke3 Kf8 52. Ra5 h5 53. f6 Nh6 54. f3 Ng8 55. Rxh5 d2 56. Nxd2 Nxf6 57. Rh8+ Ng8 58. Ne4 Kg7 59. Rh5 Ne7 60. Rb5 Rd1 61. Re5 Ng6 62. Rg5 Rc1 63. Kd4 Kf7 64. Rf5+ Ke7 65. Nc3 Rf1 66. Nd5+ Ke8 67. f4 Nh4 68. Re5+ Kd7 69. Kc5 Ng6 70. Rf5 Ra1 71. Rf7+ Kd8 72. Rg7 Nh4 73. Rh7 Ng6 74. Rh6 Nf8 75. Rh8 Ke8 76. f5 Kf7 77. Kd6 Rf1 78. Rh5 Kg7 79. c5 Nh7 80. c6 Nf6 81. Nxf6 Kxf6 82. c7 Rd1+ 83. Kc6 Rc1+ 84. Kd7 Rd1+ 85. Kc8 Ke7 86. f6+ Kxf6 87. Rb5 1-0

[Event "AUT-chT 1415"]
[Site "Austria"]
[Date "2015.03.01"]
[Round "8.2"]
[White "Lenic, Luka"]
[Black "Prusikin, Michael"]
[Result "1-0"]
[WhiteElo "2646"]
[BlackElo "2532"]
[PlyCount "85"]
[EventDate "2014.11.20"]
[EventType "team-tourn"]
[EventRounds "11"]
[EventCountry "AUT"]
[SourceTitle "EXT 2016"]
[Source "ChessBase"]
[SourceDate "2015.10.08"]
[SourceVersion "1"]
[SourceVersionDate "2015.10.08"]
[SourceQuality "1"]
[WhiteTeam "Raika Feffernitz"]
[BlackTeam "Salzburg"]
[WhiteTeamCountry "AUT"]
[BlackTeamCountry "AUT"]

1. Nf3 d5 2. g3 Nc6 3. Bg2 e5 4. d3 f6 5. c3 Be6 ({RR} 5... a5 6. Nbd2 Bc5 7. O-O Bb6 8. c4 d4 9. Rb1 Nge7 10. b3 Ng6 11. a3 Bc5 12. Ne1 h5 13. Nc2 h4 14. b4 axb4 15. axb4 Be7 16. b5 Nb8 17. e3 hxg3 18. hxg3 dxe3 19. Nxe3 Nd7 20. Nd5 {Ribli,Z (2595)-Mariotti,S (2490) Leningrad 1977 1-0 (38)}) 6. Qb3 ({RR} 6. b4 Qd7 7. Nbd2 a5 8. b5 Na7 9. a4 c6 10. bxc6 bxc6 11. O-O Bd6 12. Nb3 Qd8 13. Be3 Ne7 14. Rb1 O-O 15. Nc5 Bc8 16. Nb7 Qc7 17. Nxd6 Qxd6 18. Nd2 Be6 19. Rb7 c5 20. Qb1 d4 {Ghasi,A (2505)-Ganti,S (1980) Peterborough ENG 2025 1-0 (60)}) 6... Qc8 7. O-O Nge7 8. Qa4 $146 ({RR} 8. Nbd2 g6 9. c4 Bg7 10. cxd5 Bxd5 11. Qa4 O-O 12. Ne4 Kh8 13. Bd2 f5 14. Neg5 Nd4 15. Nxd4 exd4 16. Bb4 c5 17. Bxd5 Nxd5 18. Bd2 b6 19. Rac1 h6 20. Nf3 Qe6 21. Rfe1 a5 22. Rc4 f4 {Petran,P (2300)-Augustin,J (2445) Stary Smokovec 1977 0-1 (49)}) 8... g5 9. e4 dxe4 10. dxe4 Ng6 11. Nbd2 g4 12. Ne1 a6 13. b4 h5 14. Nc2 b5 15. Qa3 h4 16. Ne3 a5 17. Nd5 Kf7 18. Qb2 axb4 19. Nb3 Bd6 20. Be3 Na5 21. Nxa5 Rxa5 22. cxb4 Ra4 23. Rfd1 Bxd5 24. Rxd5 Rxb4 25. Qd2 Qa6 26. Bc5 Bxc5 27. Rxc5 Rc4 28. Rxc4 bxc4 29. Rc1 hxg3 30. hxg3 Qa3 31. Rxc4 Ne7 32. Rxc7 Rc8 33. Rxc8 Nxc8 34. Qd5+ Ke7 35. Qb7+ Kd8 36. Qg7 Qxa2 37. Qxf6+ Ne7 38. Qd6+ Ke8 39. Qxe5 Qe2 40. Qf6 Qe1+ 41. Kh2 Ng8 42. Qg6+ Kf8 43. Qf5+ 1-0

[Event "Bazna Kings blitz"]
[Site "Bazna"]
[Date "2014.11.22"]
[Round "2"]
[White "Nevednichy, Vladislav"]
[Black "Wang, Yue"]
[Result "1-0"]
[WhiteElo "2563"]
[BlackElo "2711"]
[PlyCount "79"]
[EventDate "2014.11.22"]
[EventType "tourn (blitz)"]
[EventRounds "9"]
[EventCountry "ROU"]
[EventCategory "13"]
[SourceTitle "CBM 163 Extra"]
[Source "ChessBase"]
[SourceDate "2014.12.23"]
[SourceVersion "1"]
[SourceVersionDate "2014.12.23"]
[SourceQuality "1"]

1. e4 c5 2. Nf3 e6 3. d3 Nc6 4. g3 g6 5. Bg2 Bg7 6. O-O Nge7 7. c3 e5 8. a3 a5 9. a4 O-O 10. Na3 d6 11. Be3 ({RR} 11. Nb5 h6 12. Nd2 Be6 13. Nc4 d5 14. exd5 Nxd5 15. Re1 Rb8 16. h4 b6 17. Qe2 Qd7 18. Bd2 Rbd8 19. Nbd6 Nde7 20. Rad1 Bg4 21. Bf3 Bxf3 22. Qxf3 f5 23. Bc1 Kh7 24. Qg2 Qe6 25. Nb5 Nd5 {Ilamparthi,A (2458)-Carlsen,M (2832) chess.com INT 2024 0-1 (49)}) ({RR} 11. Re1 h6 12. Nd2 Be6 13. Ndc4 f5 14. Nb5 Nc8 15. Ne3 N8a7 16. Na3 f4 17. Nd5 g5 18. Nc4 Nc8 19. h4 gxh4 20. gxf4 h3 21. Bf3 exf4 22. Kh1 N8e7 23. Rg1 Ne5 24. Nxf4 Bxc4 25. dxc4 Rxf4 {Nevednichy,V (2528)-Roos,M (2349) Dresden 2007 1-0 (37)}) 11... h6 12. Qc1 $146 ({RR} 12. d4 cxd4 13. cxd4 Bg4 14. d5 Nd4 15. Bxd4 exd4 16. Qd3 Qb6 17. Nb5 Rfc8 18. Nfxd4 Bd7 19. Rfb1 Rc5 20. Bf1 Rac8 21. Qe3 g5 22. Nb3 Ng6 23. Nxc5 dxc5 24. Na3 Bd4 25. Nc4 Qf6 26. Qe2 Bg4 {Pace,P (2133)-Ortega,L (2430) Bergamo 2004 0-1 (43)}) ({RR} 12. Nd2 f5 13. Qb3+ Kh7 14. f4 Rb8 15. Nb5 b6 16. Rae1 Bb7 17. Nc4 Nc8 18. Rf2 N6e7 19. Bc1 Re8 20. Rfe2 Qd7 21. fxe5 dxe5 22. exf5 Bxg2 23. fxg6+ Nxg6 24. Rxg2 Qxd3 25. Rd2 Qf3 26. Qd1 Qf6 {Warakomski,T (2491)-Malec,S (2093) Warsaw 2012 1-0 (34)}) 12... Kh7 13. Nb5 b6 14. Nd2 d5 15. exd5 Nxd5 16. Nc4 Be6 17. Qd2 Nce7 18. Rae1 Rb8 19. Qc2 Nxe3 20. Rxe3 f6 21. f4 Bxc4 22. dxc4 exf4 23. Rxf4 f5 24. Rf1 Ng8 25. Re6 Qg5 26. Nc7 Rf7 27. Nd5 Ne7 28. h4 Qxg3 29. Nxe7 Re8 30. Nxf5 gxf5 31. Rxe8 Be5 32. Rxe5 Qxe5 33. Qd2 Rg7 34. Qf4 Qxf4 35. Rxf4 Rd7 36. Bd5 Kg6 37. Kf2 Kf6 38. Rf3 Ke5 39. Re3+ Kf4 40. Re6 1-0

[Event "Qatar Masters op"]
[Site "Doha"]
[Date "2014.11.28"]
[Round "3"]
[White "Bu, Xiangzhi"]
[Black "Ganguly, Surya Shekhar"]
[Result "1-0"]
[WhiteElo "2707"]
[BlackElo "2615"]
[PlyCount "103"]
[EventDate "2014.11.26"]
[EventType "swiss"]
[EventRounds "9"]
[EventCountry "QAT"]
[SourceTitle "CBM 164"]
[Source "ChessBase"]
[SourceDate "2015.01.15"]
[SourceVersion "1"]
[SourceVersionDate "2015.01.15"]
[SourceQuality "1"]
[WhiteClock "1:30:30"]
[BlackClock "1:30:30"]

1. Nf3 d5 2. c4 d4 3. g3 Nc6 4. Bg2 e5 5. d3 Nf6 6. O-O a5 7. e3 Bc5 8. exd4 Bxd4 9. Nxd4 Nxd4 10. h3 O-O 11. Nc3 Re8 12. Kh2 ({RR} 12. Be3 Bf5 13. Ne4 Bxe4 14. dxe4 c5 15. Qd2 Ra6 16. Bxd4 Rd6 17. Qc2 Rxd4 18. Rad1 Qc7 19. Rxd4 cxd4 20. a3 Rc8 21. Rc1 Qc5 22. Qd2 a4 23. Qc2 Qc6 24. b4 axb3 25. Qxb3 Nd7 26. f4 Nc5 {Lukez,F (2279)-Carlsson,L (2350) Sweden SWE 2024 0-1 (36)}) 12... h6 $146 ({RR} 12... Rb8 13. f4 Bd7 14. fxe5 Rxe5 15. Bf4 Re6 16. Bg5 h6 17. Bxf6 Rxf6 18. Qh5 Rf5 19. Rxf5 Bxf5 20. Rf1 Qd7 21. Rf4 c5 22. Bd5 b6 23. Ne2 Be6 24. Nxd4 Bxd5 25. Qxd5 Qxd5 26. cxd5 cxd4 27. Rxd4 {Zimina,O (2415)-Sedina,E (2312) Cosenza 2017 1-0 (59)}) 13. f4 exf4 14. Bxf4 Ra6 15. Qd2 g5 16. Be3 Rxe3 17. Qxe3 Nc2 18. Qf2 Nxa1 19. d4 Qe7 20. d5 Nd7 21. Rxa1 Rf6 22. Qd2 Nc5 23. Re1 Qd8 24. Qe3 Qf8 25. Qd4 Rg6 26. Re2 Bd7 27. Ne4 Nxe4 28. Bxe4 f5 29. Bf3 b6 30. Qe5 Qd6 31. Bh5 Qxe5 32. Rxe5 Rd6 33. Be8 Bxe8 34. Rxe8+ Kf7 35. Rc8 Rd7 36. Kg2 Re7 37. Kf2 h5 38. Rh8 Kg6 39. b3 g4 40. h4 Rf7 41. Rg8+ Kf6 42. Re8 f4 43. gxf4 Re7 44. Rf8+ Kg6 45. a3 a4 46. bxa4 Re4 47. a5 bxa5 48. c5 Rd4 49. f5+ Kg7 50. Rd8 Rf4+ 51. Kg2 Rxf5 52. c6 1-0

[Event "Qatar Masters op"]
[Site "Doha"]
[Date "2014.12.01"]
[Round "6"]
[White "Kramnik, Vladimir"]
[Black "Sjugirov, Sanan"]
[Result "1-0"]
[WhiteElo "2760"]
[BlackElo "2673"]
[Annotator "Sagar,Shah"]
[PlyCount "49"]
[EventDate "2014.11.26"]
[EventType "swiss"]
[EventRounds "9"]
[EventCountry "QAT"]
[SourceTitle "CBM 164"]
[Source "ChessBase"]
[SourceDate "2015.01.15"]
[SourceVersion "1"]
[SourceVersionDate "2015.01.15"]
[SourceQuality "1"]
[WhiteClock "0:26:04"]
[BlackClock "0:08:34"]

{Kramnik was on a high after three wins in the three previous rounds. (draws in the first two rounds). Today he played the young Russian Sanan Sjugirov. In 2010, Sanan had beaten Magnus (2826) in Khanty Mansiysk Olympiad 2010. So he could not be taken lightly.} 1. Nf3 Nf6 2. g3 d5 3. Bg2 c6 4. d3 Bg4 5. O-O {When I had just started playing chess, my coach advised me to play these exact five moves from the white side just so that I wouldn't lose the game quickly. As for Kramnik, he plays this setup just so that he can play an original game without much opening theory.} Nbd7 6. Qe1 {Kramnik has good experience with this line as he played it with the white pieces against Vitiugov in the Alekhine Memorial in 2013 and against Levon Aronian with the black pieces in 2010.} e5 7. e4 {of course the threat is now exd5 followed by taking on e5.} Bd6 {This idea had not been played by any grandmaster before. It can be assumed that Sjugirov had analysed this at home and wanted to test Kramnik in a new line. It turns out that Vladimir was in mood to refute this system of play by Black.} (7... dxe4 {is the main line in this position.} 8. dxe4 Bd6 9. Nbd2 O-O 10. h3 Bh5 11. Nc4 Bc7 12. a4 Re8 (12... b5 13. axb5 cxb5 14. Ne3 $14 {[%cal Ge3d5,Ge3f5]} Nxe4 15. Nh4 $1 $16) 13. Nh4 Nc5 14. Nf5 Ne6 15. Be3 $14 {1-0 (50) Kramnik,V (2801)-Vitiugov,N (2712) Paris/St Petersburg 2013, When White had a very harmonious development and went on to win.}) 8. h3 Bh5 (8... Bxf3 9. Bxf3 dxe4 10. dxe4 O-O {After seeing what happened in this game and in retrospect, I feel that this is the best way for Black to continue. Even though White has the bishop pair, the symmetrical pawn structure should give Black good chances to equalise.}) 9. Nh4 {A very interesting idea. The knight eyes the f5-square and also frees the way for the f-pawn. The development of the queenside pieces can wait for the time being.} O-O 10. g4 Bg6 11. g5 (11. Nf5 {is not at all good because of} Bxf5 12. exf5 (12. gxf5 Re8 $15 {when Black has a very solid and nice position.}) 12... h6 {preventing g5 for the time being.} 13. Qd1 Re8 14. Re1 (14. h4 $2 Nh7 $17) 14... Qb6 $15 {Once again a very harmonious position for Black.}) 11... Nh5 12. exd5 {Kramnik indulges in winning the d5-pawn. In order to win the pawn he has definitely to burn his bridges. He has pushed his kingside pawns in such a fashion that weaknesses abound in plenty and one gets the feeling that Black should have enough compensation for the missing pawn.} cxd5 13. Nxg6 hxg6 14. Bxd5 Nf4 $44 {Sjugirov makes the most logical move. He attacks the d5 bishop and also the g5-pawn forcing White to take the knight on f4.} 15. Bxf4 exf4 16. h4 {These kingside pawns might look weak but one important fact to understand here is that Black would like to break this structure with f6 at some point but with the bishop so strongly placed on d5, it is simply impossible. My chess sense tells me that Black should definitely have compensation here but Kramnik's subsequent play casts doubt on it.} Qc8 {Openly eyeing the c2-pawn and in a stealthy way also the g4-square!} 17. Qe4 $1 {Kramnik is a class act. You can bank on him to find the most challenging and ambitious moves in the position. After all that's the reason why he played in such aggressive fashion in the opening.} (17. Nc3 Ne5 18. Qe4 Qg4+ 19. Qg2 Qxh4 $132 {gives Black a lot of counterplay.}) 17... Qxc2 {Sjugirov goes for the most critical continuation asking White what exactly is he trying to do.} (17... Re8 18. Bxb7 $5 (18. Qxg6 Ne5 19. Qe4 Ng6 $5 20. Qxg6 Qg4+ 21. Kh1 Qh3+ 22. Kg1 Qg4+ $11) 18... Qc7 (18... Rxe4 19. Bxc8 $16) (18... Qxc2 19. Qc6 $1 Qxc6 (19... Qxb2 20. Bxa8 Qxa1 21. Qxd6 $18) 20. Bxc6 $16) 19. Qc6 Rac8 20. Qxc7 Rxc7 21. Bd5 Rxc2 22. Na3 Bxa3 23. bxa3 Rc5 $11 {+/=. Black should be able to hold the draw here.}) 18. Nc3 $146 {This is the most logical way to develop. The knight comes into the centre. In such positions along with calculation you need to develop a feel for the dynamics, something which is possessed by Kramnik to a high degree.} (18. Na3 {might have been interesting.} Bxa3 (18... Qxb2 19. Nc4 $18) 19. bxa3 Rad8 (19... Rae8 20. Bxf7+ Kxf7 21. Qd5+ $16 Ke7 22. Rac1 Qa4 23. Rc4 Qa6 24. Rb1 $18 {with a fierce attack.}) 20. Qxf4 Nc5 {and in spite of being a pawn down, it is clear that Black is not much worse because White's position has so many weaknesses.}) (18. Qxg6 {[%cal Gg6d6]} Bc5 (18... Qxb2 19. Qxd6 Qxa1 20. Qxd7 $18) 19. Qh5 {threatening g6.} Qxd3 20. g6 Qg3+ $1 21. Kh1 Qh3+ {would be a nice way to end the game.}) ({RR} 18. Na3 Bxa3 19. bxa3 Nc5 20. Qxg6 Rad8 21. Qf5 Qxd3 22. Qxd3 Nxd3 23. Bxb7 Nc5 24. Bf3 Rd3 25. Kg2 Rxa3 26. Bd5 Rd8 27. Rfd1 Kf8 28. Rab1 g6 29. Rb4 Ne6 30. Rb3 Rxb3 31. Bxb3 Rxd1 32. Bxd1 Ke7 {Maghsoodloo,P (2594)-Sjugirov,S (2652) Moscow 2018 1-0 (41)}) 18... Qxb2 (18... Rae8 19. Qxg6 $1 $16) 19. Qxg6 Bc5 (19... Qxc3 20. Qxd6 Ne5 (20... Rad8 {It is extremely difficult to assess positions like these. But say after} 21. Rac1 Qe5 (21... Qxd3 22. Bxf7+ $18) (21... Qa5 22. Be4 (22. Bxb7 Qf5 $1 $13) 22... Nf6 23. Qc7 Qxc7 24. Rxc7 Nxe4 25. dxe4 $14) 22. Qxe5 Nxe5 23. Bxb7 Rxd3 $11 {/+=. White has a small edge thanks to his bishop being the superior minor piece in an open position. But the number of pawns on both sdes of the board is equal and Black should be able to hold this one with accurate play.}) 21. Rac1 Qd4 $5 {is the only move for Black.} (21... Qb2 22. Rfe1 Nxd3 23. Bxf7+ $1 Rxf7 24. Qxd3 $18) 22. Rc4 $1 (22. Bxf7+ $2 Rxf7 23. Qxd4 Nf3+ $19) 22... Qb2 (22... Nxc4 23. Bxf7+ $18) 23. Re4 (23. Rxf4 Rad8 $19) 23... Nf3+ 24. Kg2 Nxh4+ 25. Kh3 Nf3 26. g6 Ng5+ 27. Kh4 Nxe4 28. dxe4 $14 {[%csl Gh4] The king on h4 looks quite safe and in this position White stands better mainly because his bishop is so strong on d5. A completely non forcing and long variation to show you how tricky and complicated the position is.}) (19... Be5 {is another option to be considered. But White has a strong idea with} 20. Qh5 $1 {[%cal Gg5g6]} Qxc3 21. g6 Nf6 (21... Rfd8 22. Rac1 Qd4 23. Bxf7+ $40) 22. gxf7+ Rxf7 23. Bxf7+ Kf8 24. Qh8+ Kxf7 25. Qxa8 $18) 20. Ne4 Qe5 {Now after b3 White has a lot of threats in the position, but the question is instead of ...e5 what should have Black played? His position looks already quite perilous.} (20... Qd4 21. Bb3 Qxd3 22. Nf6+ $18) (20... Rad8 21. Rab1 Qd4 22. Bb3 Be7) (20... Ne5 21. Nf6+ Kh8 22. Qh7#) (20... Rae8 21. Rae1 $18 {[%csl Gd5,Ge1,Ge4,Gg6]}) 21. Bb3 $1 $14 {The white rook is coming to e1 now. What should Black do?} Bxf2+ (21... f3 22. Rae1 Qf4 23. Qh5 {With the threat of g6.} g6 24. Qxg6+ Kh8 25. Qh5+ Kg7 {it is surprising that White does not have a killer blow over here.} 26. Qh6+ Kg8 27. d4 Bxd4 28. Qg6+ Kh8 29. Qd6 Qg4+ 30. Qg3 (30. Ng3 Qh3 $19) 30... Qxg3+ 31. Nxg3 $16 {White has a clear advantage.}) (21... Be7 {seems safer but after} 22. Rae1 $16 {you can clearly see who holds the initiative.}) 22. Nxf2 $1 {Accurately calculated.} (22. Kxf2 {was a possibility.} Qb2+ 23. Kg1 Qxb3 24. Qxg7+ Kxg7 25. axb3 f6 26. Ra5 fxg5 27. Rxg5+ Kh7 28. Kh1 $16 {with good winning chances for White thanks to his superior activity.}) 22... f3 23. Ne4 {Stopping the check on g3.} Qd4+ {Playing for the last trick. But the way Kramnik was playing in this entire game it is hard to imagine that he will stumble now.} (23... Qb2 24. Rxf3 $1 (24. Nf6+ Nxf6 25. gxf6 Qd4+ 26. Kh2 Qxh4+ 27. Kg1 Qd4+ $11 {would have been a nice draw for Black.}) 24... Qxb3 (24... Qxa1+ 25. Rf1 Qd4+ 26. Rf2 Qa1+ 27. Kg2 $18 {The threat of f6 is a killer and Black can do nothing about it.}) 25. Qxg7+ Kxg7 26. axb3 $16 {Black is a pawn down and most probably will lose this ending. But this was the last chance for him to continue the game.}) 24. Kh1 $1 (24. Kh2 $2 Qb2+ 25. Nf2 (25. Rf2 Qxa1 $13) 25... Qxb3 26. Qxg7+ Kxg7 27. axb3 Nc5 $11 {Black is ok.}) 24... Qb2 25. Nf6+ $1 {The final check that was well calculated by Kramnik. After xf6 gxf6 the queen on g6 will not only threaten a mate on g7 but also defend the mate on g2. A great game by Kramnik. I cannot really pinpoint where Sjugirov went wrong. Maybe the entire idea with 7...d6 is dangerous for Black and he should stick to the simple 7...dxe4. But in order to refute Black's play you need a player like Kramnik who feels the position like a human and calculates like a machine!} (25. Nf6+ Nxf6 26. gxf6 $18) 1-0

[Event "Qatar Masters op"]
[Site "Doha"]
[Date "2014.12.04"]
[Round "9"]
[White "Gabuzyan, Hovhannes"]
[Black "Bartel, Mateusz"]
[Result "1-0"]
[WhiteElo "2565"]
[BlackElo "2662"]
[PlyCount "103"]
[EventDate "2014.11.26"]
[EventType "swiss"]
[EventRounds "9"]
[EventCountry "QAT"]
[SourceTitle "CBM 164"]
[Source "ChessBase"]
[SourceDate "2015.01.15"]
[SourceVersion "1"]
[SourceVersionDate "2015.01.15"]
[SourceQuality "1"]
[WhiteClock "1:30:30"]
[BlackClock "1:30:30"]

1. Nf3 f5 2. d3 Nc6 3. d4 e6 4. c4 Nf6 5. g3 Be7 ({RR} 5... d5 6. Nbd2 Be7 7. Bg2 Ne4 8. O-O Bf6 9. e3 h5 10. b3 h4 11. Bb2 hxg3 12. hxg3 Qd7 13. Ne5 Bxe5 14. dxe5 Qf7 15. cxd5 exd5 16. Nf3 Be6 17. Rc1 Qh5 18. Re1 g5 19. Nd4 Nxd4 20. Qxh5+ {Mekhitarian,K (2564)-Williams,S (2446) chess.com INT 2025 ½-½ (72)}) 6. Bg2 O-O 7. Nc3 ({RR} 7. O-O d6 8. d5 Ne5 9. Nd4 Nxc4 10. dxe6 g6 11. Bh6 Re8 12. Qc1 Ne5 13. Nc3 c5 14. Nc2 Bxe6 15. Bxb7 Rb8 16. Bg2 d5 17. Bf4 Bd6 18. Bg5 d4 19. Nd5 Bxd5 20. Bxd5+ Nf7 21. e3 d3 {Wei,Y (2736)-Amin,B (2704) Abidjan 2019 1-0 (57)}) 7... Ne4 $146 ({RR} 7... d6 8. d5 Ne5 9. Nd4 Nxc4 10. Nxe6 Bxe6 11. dxe6 c6 12. Qb3 d5 13. Qxb7 Qd6 14. Qb3 Rab8 15. Qc2 Qxe6 16. O-O Ne4 17. Na4 Bf6 18. Rb1 Bd4 19. e3 Bb6 20. b3 Ne5 21. Bb2 Rbc8 22. Rbc1 {Svidler,P (2723)-Lagarde,M (2657) chess24.com INT 2020 ½-½ (49)}) ({RR} 7... d6 8. d5 Ne5 9. Nd4 Nxc4 10. Nxe6 Bxe6 11. dxe6 c6 12. Qb3 d5 13. Qxb7 Qd6 14. Qb3 Rab8 15. Qc2 Qxe6 16. O-O Ne4 17. Na4 Bf6 18. Rb1 Bd4 19. e3 Bb6 20. b3 Ne5 21. Bb2 Rbc8 22. Rbc1 {Svidler,P (2723)-Lagarde,M (2657) chess24.com INT 2020 ½-½ (49)}) 8. O-O Bf6 9. Nxe4 fxe4 10. Ne5 d5 11. Bf4 Nxe5 12. dxe5 Be7 13. cxd5 exd5 14. Qb3 c6 15. Bxe4 Qb6 16. Bg2 Qxb3 17. axb3 Bg4 18. f3 Bc5+ 19. Kh1 Be6 20. Bd2 Bd4 21. Bc3 Be3 22. Rfd1 g5 23. b4 a6 24. Bd4 Bxd4 25. Rxd4 Kf7 26. Kg1 Ke7 27. e3 Rad8 28. Kf2 h5 29. h4 Rf5 30. hxg5 Rxg5 31. f4 Rg7 32. Rh1 Rdg8 33. Rxh5 Rxg3 34. Rh7+ Kd8 35. Bf3 Kc8 36. Rh6 Bf5 37. Rf6 Bh3 38. Rf8+ Kc7 39. Rxg8 Rxg8 40. e4 dxe4 41. Bxe4 Rf8 42. Kg3 Bd7 43. Rd6 b6 44. Rg6 a5 45. Rg7 Kd8 46. bxa5 bxa5 47. Bh7 c5 48. Kf3 a4 49. Bg8 Rf5 50. Ke4 Rh5 51. Kd5 Rh2 52. Ke4 1-0